00956nam a2200217 a 4500003000200000005001700002008004100019050003100060100002300091245010600114260009200220300004100312504004100353650005200394650004500446650003900491650004600530942001400576999001700590952013100607020250331090509.0050810s19uu xx 00 eng d aPGS RA 644.M44b.W524 2005 aWestcott, Jenette. aAwareness of lower school grade six students on the prevention of meningococcemia /cJenette Westcott aLas Piñas City, Philippines : bSouthville International School and Colleges,c2005. a27 pages :billustrations ; c28 cm. aIncludes bibliographical references. aMeningococcal infectionsvPrevention & control. aHealth educationvElementary students.  aCommunicable diseasesvPrevention. aPublic health campaignsvSchool programs. 2lcccPASS c97440d97440 00102lcc40aLUXbLUXcPASSd2005-08-10eDONATIONl0oPGS RA 644.M44 .W524 2005pP1477r2014-04-08 00:00:00w2014-04-08yPASS